| 000 | nam a22 7a 4500 | ||
|---|---|---|---|
| 999 |
_c2590 _d2590 |
||
| 005 | 20170517114546.0 | ||
| 008 | 170517b1973 ny ||||| |||| 00| 0 eng d | ||
| 020 |
_a0070044201 : _c£7.10 |
||
| 040 | _aAKMAL | ||
| 082 | _a621.3 BEL | ||
| 090 |
_a621.3 _bBEL |
||
| 100 | 1 |
_aBelove, Charles _95408 |
|
| 245 | 1 | 0 |
_aDigital and analog systems, circuits and devices : _ban introduction / _cCharles Belove, Harry Schachter, Donald L. Schilling. |
| 260 |
_aNew York ; _aLondon : _bMcGraw-Hill, _c1973 |
||
| 300 |
_axxi,465p. : _bill. ; _c24cm |
||
| 490 | 0 | _aMcGraw-Hill electrical and electronic engineering series | |
| 504 | _aIncludes bibliographies and index. | ||
| 650 | 0 |
_aElectric engineering. _95409 |
|
| 700 | 1 |
_aSchachter, Harry. _95410 |
|
| 700 | 1 |
_aSchilling, Donald L. _q(Donald Lawrence) _95411 |
|
| 942 |
_2ddc _cBOOK |
||